Seni kreativiti tangan

Bibliographic Details
Corporate Author: Panel penulis PCT
Format: Book
Published: Selangor : Penerbit PCT , 2005
Series:Siri lakukan sendiri
Subjects:

MARC

LEADER 00000cam a2200000 7i4500
001 0000006310
005 20151205.0
008 070815
020 |a 9832807891 
090 0 0 |a CRA   |b MAL 
245 1 0 |a Seni kreativiti tangan   |c Diselenggarakan oleh : Panel penulis PCT 
260 |a Selangor :   |b Penerbit PCT ,   |c 2005 
440 |a Siri lakukan sendiri 
650 0 |a Handicraft   |x Technique 
650 0 |a Handicraft   |z Malaysia 
710 0 |a Panel penulis PCT 
999 |a 0000917850   |b Book   |c Children Collection   |e Cawangan Bukit Gambir 
999 |a 0000917851   |b Book   |c Children Collection   |e Cawangan Bukit Gambir 
999 |a 0000917852   |b Book   |c Adult Collection   |e Cawangan Bukit Gambir 
999 |a 0000932610   |b Book   |c Adult Collection   |e Cawangan Tangkak 
999 |a 0000932611   |b Book   |c Children Collection   |e Cawangan Tangkak 
999 |a 0000984621   |b Book   |c Adult Collection   |e Perbadanan Perpustakaan Awam Johor 
999 |a 0000984622   |b Book   |c Adult Collection   |e Perbadanan Perpustakaan Awam Johor 
999 |a 0000984623   |b Book   |c Adult Collection   |e Cawangan Mersing 
999 |a 0000984624   |b Book   |c Adult Collection   |e Cawangan Urban Transformation Centre 
999 |a 0000984625   |b Book   |c Adult Collection   |e Perbadanan Perpustakaan Awam Johor 
999 |a 000904895   |b Book   |c Teenagers   |e Cawangan Bandar Tenggara